<?xml version="1.0" encoding="UTF-8"?>
<marc:record xmlns:marc="http://www.loc.gov/MARC21/slim">
   <marc:leader>00000nam a2200000 a 4500</marc:leader>
   <marc:datafield ind1="0" ind2="0" tag="245">
      <marc:subfield code="a">Elizas Tochter</marc:subfield>
   </marc:datafield>
   <marc:datafield ind1=" " ind2="1" tag="264">
      <marc:subfield code="a">Zürich</marc:subfield>
      <marc:subfield code="b">Diogenes-Verl.</marc:subfield>
      <marc:subfield code="c">1994</marc:subfield>
   </marc:datafield>
   <marc:datafield ind1="1" ind2=" " tag="520">
      <marc:subfield code="a">In ihrem weltberühmten Roman &gt;Gefühl und Verstand&lt; berichtet Jane Austen von Eliza, Colonel Brandons Mündel, die etwa 1795 mit ihrem unehelichen Kind aufs Land geschickt wird. Dieses Ende war Joan Aiken zu langweilig. Jetzt erzählt sie, wie Elizas schöne energische Tochter, die den Namen ihrer Mutter trägt, sich nicht so einfach abschieben läßt, sondern, kaum erwachsen, aufbricht, um ihre Eltern zu suchen.</marc:subfield>
   </marc:datafield>
   <marc:datafield ind1=" " ind2=" " tag="041">
      <marc:subfield code="a">ger</marc:subfield>
   </marc:datafield>
   <marc:datafield ind1=" " ind2=" " tag="338">
      <marc:subfield code="a">Band</marc:subfield>
   </marc:datafield>
   <marc:datafield ind1=" " ind2=" " tag="300">
      <marc:subfield code="a">372</marc:subfield>
   </marc:datafield>
</marc:record>
